Normal view
MARC view
- MEAD, C. DAVID,CHARVAT, WILLIAM,MEAD, C. DAVID
Entry Personal Name
001 - CONTROL NUMBER
- control field: 57867
003 - CONTROL NUMBER IDENTIFIER
- control field: NUST
005 - DATE AND TIME OF LATEST TRANSACTION
- control field: 20210628202017.0
008 - FIXED-LENGTH DATA ELEMENTS
- fixed length control field: 210628|| aca||aabn | a|a d
040 ## - CATALOGING SOURCE
- Original cataloging agency: NUST
- Transcribing agency: NUST
100 ## - HEADING--PERSONAL NAME
- Personal name: MEAD, C. DAVID,CHARVAT, WILLIAM,MEAD, C. DAVID
670 ## - SOURCE DATA FOUND
- Source citation: Work cat.: (NUST): MEAD, C. DAVID,CHARVAT, WILLIAM,MEAD, C. DAVID, HANDBOOK FOR WRITERS, 1955
